اردو نثر کا دہلوی دبستان ;; Urdu nasar ka dahlawi dabastan / (Record no. 83185)
[ view plain ]
| 000 -LEADER | |
|---|---|
| fixed length control field | 00744nam a2200205 4500 |
| 001 - CONTROL NUMBER | |
| control field | 83185 |
| 003 - CONTROL NUMBER IDENTIFIER | |
| rucl marc code | BD-RjUL |
| 005 - DATE AND TIME OF LATEST TRANSACTION | |
| control field | 20240229105852.0 |
| 008 - FIXED-LENGTH DATA ELEMENTS--GENERAL INFORMATION | |
| fixed length control field | 240229s1975 pk ||||| |||| 00| p urd d |
| 035 ## - SYSTEM CONTROL NUMBER | |
| System control number | (BD-RjUL) 83185 |
| 040 ## - CATALOGING SOURCE | |
| Original cataloging agency | BD-RjUL |
| Language of cataloging | eng |
| Transcribing agency | BD-RjUL |
| 041 ## - LANGUAGE CODE | |
| Language code of text/sound track or separate title | urd |
| 082 ## - DEWEY DECIMAL CLASSIFICATION NUMBER | |
| Edition number | 23 |
| Classification number | 891.43909 |
| Author mark and year | JAU 1975 |
| 100 ## - MAIN ENTRY--PERSONAL NAME | |
| Personal name | جاگیردار, أحمد عبد الرحيم ;; Jagirdar, Ahmed Abdul Rahim |
| 9 (RLIN) | 11973 |
| 245 10 - TITLE STATEMENT | |
| Title | اردو نثر کا دہلوی دبستان ;; Urdu nasar ka dahlawi dabastan / |
| Statement of responsibility, etc. | احمد عبد الرحيم جاگیردار ;; Ahmed Abdul Rahim Jagirdar |
| 260 ## - PUBLICATION, DISTRIBUTION, ETC. (IMPRINT) | |
| Place of publication, distribution, etc. | Hydarabad : |
| Name of publisher, distributor, etc. | Salimer pub. , |
| Date of publication, distribution, etc. | 1975 |
| 300 ## - PHYSICAL DESCRIPTION | |
| Pagination | 677 p. ; |
| Size | 18 cm |
| 650 ## - SUBJECT ADDED ENTRY--TOPICAL TERM | |
| Topical term or geographic name as entry element | Urdu Literature |
| Form subdivision | history and criticism |
| 942 ## - ADDED ENTRY ELEMENTS (KOHA) | |
| Source of classification or shelving scheme | Dewey Decimal Classification |
| Koha item type | Books |
| Lost status | Source of classification or shelving scheme | Damaged status | Not for loan | Collection code | Permanent Location | Current Location | Shelving location | Date acquired | Source of acquisition | Cost, normal purchase price | Total Checkouts | Full call number | Date last seen | Copy number | Koha item type |
|---|---|---|---|---|---|---|---|---|---|---|---|---|---|---|---|
| Dewey Decimal Classification | Not For Loan | Non-fiction | Central Library, University of Rajshahi | Central Library, University of Rajshahi | Reading Room | 13/01/1985 | Asiatic through tulip calcatta | 20.00 | U 891.43909 JAU 1975 | 29/02/2024 | C-1 | Books |